000 01134cam a22003377a 4500
003 CHAP
005 20220329142235.0
008 000316d1999 enka r 00010 eng d
010 _a80399
011 _a81371
020 _a0851993451
035 _a91840
040 _cCHAP
082 0 4 _a595.7
_bH3
100 0 0 _aHardie, Jim
_eed.
_952639
245 1 0 _aPheromones of non-lepidopteran insects associated with agricultural plants
_c/by Jim Hardie and Albert K. Minks
260 _aWallingford, UK :
_bCABI Publishing,
_c1999.
300 _a466 p. : ilus. ; gráfs.
590 _aBATCH-UPD
_b10
_c20130110
_lUCH01
_h0515
590 _aBATCH-UPD
_b10
_c20130110
_lUCH01
_h2326
590 _aBATCH-UPD
_b10
_c20130410
_lUCH01
_h0154
590 _aBATCH-UPD
_b10
_c20130914
_lUCH01
_h1357
590 _aCONVERSION
_b10
_c20130109
_lUCH01
_h1345
650 1 4 _aFeromonas.
_940358
650 1 4 _aInsectos
_xAnatomía y fisiología.
_958891
700 0 _aMinks, Albert K.
_976000
901 _aBK
905 _aBlanca M. García O.
942 _cLIBRO
949 _a595.7 H3
_bBC
_cLIBRO
_d33724000772216
_eLIBRO
_gI. 203317
_h97565
_i91840
_si
_t$1863.00
999 _c80399
_d80399